Religion Quiz

Random Religion or Bible Quiz

Popular Bible Words Quiz Stats

 Plays Quiz Updated Oct 23, 2018

Score 0/145 Timer 16:00
10 Plays Today
Category Word % Correct
People NamesJesus
94.3%
Verbsgo (went)
91%
Verbsbe (is, was, are, were)
90%
Colorsred
84.4%
Family Relationsfather
82.8%
Colorsblue
81%
Family Relationsmother
80.6%
Foods & Drinkswine
79.4%
Colorswhite
77.4%
Colorsgreen
75.7%
Family Relationsbrethren or brother
74.8%
Body Partshand
74.3%
Common Nounshand
74.3%
Foods & Drinksbread
74.1%
Body Partseyes
73.2%
Common Nounsson
72.9%
Family Relationsson
72.9%
Family Relationssister
72.6%
Body Partsfeet
72%
Verbsdo
70%
Body Partshead
67.9%
Animalssheep or lamb
66.7%
Place NamesIsrael
66.5%
Land Featuresmount or mountains
66.2%
Foods & Drinkswater
65.9%
People NamesMoses
65.5%
Family Relationsdaughter
64.3%
Emotion Wordslove
64.3%
Place NamesJerusalem
63.1%
People NamesAbraham
61.2%
Land Featuressea
61.2%
People NamesDavid
58.6%
Colorspurple
58%
People NamesJoseph
56.9%
Place NamesEgypt
55.9%
Body Partsheart
55.7%
Common Nounsking
54.4%
Occupations or Titlesking
54.4%
Animalsass
54.3%
Body Partsmouth
53.4%
Nationalities/GroupsJews
51.4%
Animalscattle
51.1%
Colorsgold
50.2%
Built by Mantemple
49.9%
Land Featuresriver
49.6%
Animalsfowls
48%
Emotion Wordshate
47.5%
Animalshorses
45.8%
Common Nounshouse
45.4%
Category Word % Correct
Built by Manhouse
45.4%
Colorssilver
45.3%
Common Nounsman
43.2%
People NamesJacob
42.3%
Land Featureshill
39.7%
Animalsgoats
39.2%
Occupations or Titlespriest
38.8%
Family Relationswife
37.8%
Built by Manark
37.6%
Family Relationshusband
36%
People NamesSolomon
35.9%
Verbscame (come)
35.5%
People NamesSaul
34%
Nationalities/GroupsEgyptians
32%
Foods & Drinksmeat
31.9%
Animalslion
31.3%
Adjectivesgood
30.9%
Body Partstongue
29.4%
Land Featuresvalley
28.9%
Adjectivesholy
28.9%
Verbshave (had, hath)
27.1%
Common Nounschildren
26.3%
Place NamesBabylon
26%
Place NamesCanaan
25.7%
Nationalities/GroupsCanaanites
25.6%
Verbsshall
25.6%
Emotion Wordsjoy
25%
Foods & Drinksfruit
24.7%
Animalsoxen
24.7%
Land Featurestree
24%
People NamesJudah
23.8%
Verbssaid (saying)
23.4%
Body Partsface
23%
Occupations or TitlesChrist
22.8%
Emotion Wordsanger
22.7%
Occupations or Titlesservants
22.4%
Foods & Drinksmilk
22.3%
Adjectivesevil
22%
Nationalities/GroupsGentiles
21.9%
Emotion Wordsfear
21.5%
Place NamesJordan
21.4%
Occupations or Titlesprophets
21.3%
People NamesAaron
19.8%
Built by Mancity
19.4%
Occupations or Titlesprinces
19.3%
Body Partsblood
19.1%
Adjectivesgreat
19%
Occupations or Titlespharaoh
18.7%
Land Featuresrock
18.2%
Category Word % Correct
Common Nounsland
18.1%
Built by Manwall
17.5%
Verbswill
17.4%
Nationalities/GroupsPhilistines
16.7%
Foods & Drinkswheat
16.7%
Nationalities/GroupsPharisees
16.3%
Land Featuresfield
15.8%
Verbsmade
13.6%
Occupations or Titlesjudge
13.3%
Colorsscarlet
12.7%
Place NamesSamaria
12.7%
Place NamesAssyria
11.5%
Animalsram
11%
Built by Manaltar
11%
Built by Mantabernacle
10.7%
Animalsbullock
10.6%
Common Nounspeople
10.4%
Foods & Drinkscorn
10.1%
Emotion Wordswrath
9.7%
Built by Manidols
9.7%
Adjectivesdead
8.9%
Nationalities/GroupsLevites
8.9%
Place NamesMoab
8.8%
Adjectiveshigh
8.6%
Land Featureswilderness
8.3%
Emotion Wordsglad
8%
Verbslet
8%
Body Partsflesh
7.9%
Common Nounsday
7.5%
Nationalities/GroupsSyrians
7.5%
Land Featurescoast
6.4%
Foods & Drinksseed
6.4%
Built by Manarmy
6%
Adjectiveswicked
5.9%
Emotion Wordsafraid
5.9%
Adjectivesmany
5.1%
Occupations or Titleselders
4.9%
Nationalities/GroupsAmorites
4.5%
Adjectivesfirst
4.5%
Adjectivesmore
4.4%
Emotion Wordsashamed
4.2%
Occupations or Titleschief
4%
Common Nounsthings
4.1%
Built by Mancamp
3.7%
Nationalities/GroupsChaldeans
3.7%
Place NamesGilead
3.3%
Emotion Wordstroubled
2.9%

You're not logged in!

Compare scores with friends on all Sporcle quizzes.
OR
Log In

Sporcle TV

Today on Sporcle TV


Watch our educational content, quiz creation guides, and fun videos on Sporcle TV.

Show Comments

Extras

Top Quizzes Today


Score Distribution

Your Account Isn't Verified!

In order to create a playlist on Sporcle, you need to verify the email address you used during registration. Go to your Sporcle Settings to finish the process.

Report this User

Report this user for behavior that violates our Community Guidelines.

Details: